MARC details
| 000 -LEADER |
| fixed length control field |
01512nam a2200409Ii 4500 |
| 001 - CONTROL NUMBER |
| control field |
sjds2405013 |
| 003 - CONTROL NUMBER IDENTIFIER |
| control field |
sjds |
| 005 - DATE AND TIME OF LATEST TRANSACTION |
| control field |
20251123081600.0 |
| 008 - FIXED-LENGTH DATA ELEMENTS--GENERAL INFORMATION |
| fixed length control field |
010910s2001 caua j 000 0 eng d |
| 020 ## - INTERNATIONAL STANDARD BOOK NUMBER |
| International Standard Book Number |
9780811830904 |
| 020 ## - INTERNATIONAL STANDARD BOOK NUMBER |
| International Standard Book Number |
081183090X (pbk.) |
| 020 ## - INTERNATIONAL STANDARD BOOK NUMBER |
| International Standard Book Number |
0811830845 |
| 035 ## - SYSTEM CONTROL NUMBER |
| System control number |
2405013 |
| 035 ## - SYSTEM CONTROL NUMBER |
| System control number |
(OCoLC)45201992 |
| 035 ## - SYSTEM CONTROL NUMBER |
| System control number |
2405013 |
| 040 ## - CATALOGING SOURCE |
| Original cataloging agency |
PABRO |
| Language of cataloging |
eng |
| Description conventions |
rda |
| Transcribing agency |
PABRO |
| 049 ## - LOCAL HOLDINGS (OCLC) |
| Holding library |
IFAA |
| 099 ## - LOCAL FREE-TEXT CALL NUMBER (OCLC) |
| Classification number |
398.2094402 |
| Filing suffix |
2001 |
| 999 ## - SYSTEM CONTROL NUMBERS (KOHA) |
| Koha Dewey Subclass [OBSOLETE] |
ESPANOL CHILDREN 398.2094402 BOADA 2001 |
| 100 1# - MAIN ENTRY--PERSONAL NAME |
| Personal name |
Boada, Francesc, |
| Relator term |
author. |
| 245 10 - TITLE STATEMENT |
| Title |
Cinderella = |
| Remainder of title |
Cenicienta / |
| Statement of responsibility, etc. |
adaptation by Francesc Boada ; illustrated by Monse Fransoy. |
| 246 31 - VARYING FORM OF TITLE |
| Title proper/short title |
Cenicienta |
| 264 #1 - PRODUCTION, PUBLICATION, DISTRIBUTION, MANUFACTURE, AND COPYRIGHT NOTICE |
| Place of production, publication, distribution, manufacture |
San Francisco, CA : |
| Name of producer, publisher, distributor, manufacturer |
Chronicle Books, |
| Date of production, publication, distribution, manufacture, or copyright notice |
2001. |
| 300 ## - PHYSICAL DESCRIPTION |
| Extent |
1 volume (unpaged) : |
| Other physical details |
color illustrations ; |
| Dimensions |
22 cm |
| 336 ## - CONTENT TYPE |
| Content type term |
text |
| Content type code |
txt |
| Source |
rdacontent |
| 337 ## - MEDIA TYPE |
| Media type term |
unmediated |
| Media type code |
n |
| Source |
rdamedia |
| 338 ## - CARRIER TYPE |
| Carrier type term |
volume |
| Carrier type code |
nc |
| Source |
rdacarrier |
| 520 ## - SUMMARY, ETC. |
| Summary, etc. |
Aunque maltratada por su madrastra y sus hermanastras, Cenicienta conoce a su príncipe con la ayuda de su hada madrina. |
| 520 ## - SUMMARY, ETC. |
| Summary, etc. |
Although mistreated by her stepmother and stepsisters, Cinderella meets her prince with the help of her fairy godmother. |
| 546 ## - LANGUAGE NOTE |
| Language note |
In Spanish and English. |
| 600 00 - SUBJECT ADDED ENTRY--PERSONAL NAME |
| Personal name |
Cinderella |
| Titles and other words associated with a name |
(Legendary character) |
| Form subdivision |
Juvenile literature. |
| 650 #7 - SUBJECT ADDED ENTRY--TOPICAL TERM |
| Topical term or geographic name as entry element |
Cenicienta (Personaje legendario) |
| Form subdivision |
Literatura juvenil. |
| Source of heading or term |
local |
| 700 1# - ADDED ENTRY--PERSONAL NAME |
| Personal name |
Fransoy, Monse, |
| Relator term |
illustrator. |
| 730 0# - ADDED ENTRY--UNIFORM TITLE |
| Uniform title |
Cinderella. |
| Language of a work |
English. |
| 740 0# - ADDED ENTRY--UNCONTROLLED RELATED/ANALYTICAL TITLE |
| Uncontrolled related/analytical title |
Cencienta. |
| 942 ## - ADDED ENTRY ELEMENTS (KOHA) |
| Koha item type |
Libro/Book |